| 000 | 01393cab a2200361 4500 | ||
|---|---|---|---|
| 001 | ABS52292 | ||
| 008 | 090401t1995 xxu||||| |||| 00| 0 eng d | ||
| 035 | _a(Sirsi) u71278 | ||
| 041 | _aeng | ||
| 100 | _aMylrea, K. | ||
| 245 | _aAbandoned mines: allocating liabilities | ||
| 260 | _c1995 | ||
| 350 | _a0 | ||
| 490 |
_aCSM (Chartered Surveyor Monthly) _v4(4) February 1995, 34-35(2) |
||
| 520 | _aProposed legislation on contaminated land includes provisions to tighten legal liability for water pollution caused by seepage from abandoned mines. It includes the transfer of reponsibility for policing water pollution to the environmental agencies and the removal of exemptions for abandoned mines. Case law considering the differences between `causing` and `knowingly permitting` is examined. | ||
| 650 | _aABANDONED MINES | ||
| 650 | _aCAUSING | ||
| 650 | _aCONTAMINATED LAND | ||
| 650 | _aENVIRONMENTAL AGENCY FOR ENGLAND AND WALES | ||
| 650 | _aKNOWINGLY PERMITTING | ||
| 650 | _aLIABILITY | ||
| 650 | _aNRA V BRITISH COAL CORPORATION | ||
| 650 | _aNRA V YORKSHIRE WATER SERVICES LTD | ||
| 650 | _aREMEDIATION NOTICES | ||
| 650 | _aSCOTTISH ENVIRONMENTAL PROTECTION AGENCY | ||
| 650 | _aWATER POLLUTION | ||
| 650 | _aWATER RESOURCES ACT 1991 | ||
| 690 | _aLAND | ||
| 690 | _aMINING AND MINERALS | ||
| 690 | _aWATER | ||
| 942 | _n0 | ||
| 948 | _c04/03/1997 | ||
| 999 |
_c44912 _d44912 |
||